Countries Due East or West From Tokyo - Statistics

General Stats
  • This quiz has been taken 46 times
  • The average score is 11 of 13
Answer Stats
Degrees of Longitude Countries % Correct
76.7° ~ 119.9° China
100%
126.6° ~ 129.5° South Korea
97%
-121.3°W ~ -75.5°W United States
95%
46.1 ~ 61.2° Iran
85%
41.4° ~ 46.1° Iraq
85%
71.2° ~ 76.7° Pakistan
85%
63.2° ~ 71.2° Afghanistan
79%
-1° ~ 8.3°E Algeria
79%
-6° ~ -5.3° Morocco
79%
35.8° ~ 41.4° Syria
77%
8.3° ~ 10.8° Tunisia
77%
61.2° ~ 63.2° Turkmenistan
72%
27.1° ~ 27.2° Greece
69%
No matching quizzes found
Score Distribution
Percent of People with Each Score
Percentile by Number Answered
Your Score History
You have not taken this quiz